000 01048cam a22003011 4500
999 _c9379
_d9379
001 7537886
003 OSt
005 20200104120126.0
008 740816s1966 enka b 000 0 eng
010 _a 66071959
015 _aB66-1823
035 _a(OCoLC)977913
040 _aDLC
_cOTU
_dOCoLC
_dUk
_dDLC
042 _apremarc
050 0 0 _aHD82
_b.B52
082 _a338.942
_bBIR/P
100 _aBirmingham, Walter
_eed.
_91051
245 1 0 _aPlanning and growth in rich and poor countries;
_cedited by Walter Birmingham and A.G. Ford, foreword by Professor R.L. Meek.
260 _aLondon,
_bAllen & Unwin,
_c1966.
300 _a2-267 p.
_btables, 2 diagrs.
_c22 cm.
440 0 _aMinerva series of students' handbooks,
_vno. 16
504 _aBibliography: p. [262]-263.
650 0 _aEconomic development.
651 0 _aDeveloping countries.
700 1 _aFord, A. G.
_q(Alec George)
_ejoint ed.
_91078
906 _a7
_bcbc
_coclcrpl
_du
_encip
_f19
_gy-gencatlg
942 _2ddc
_cBK
_h338.942
_iBIR/P
_k338.942
_mBIR/P